000 01017nam0a22002531 4500
001 rc\3018173
005 20260406134123.0
035 _a(NLR Aleph) 007160394
090 _a7243220
_c7243220
100 _a20110926d1940 |||y0rusy50 ca
101 0 _arus
102 _aRU
105 _ay z |||||
200 1 _aИнструкция по хранению, сокращению и ликвидации бурового керна
_fКом. по делам геологии при Совнаркоме СССР
210 _aМосква
_aЛенинград
_cГосгеолиздат
_d1940
_eМосква
215 _a32 с.
_d14 см
300 _aНа обороте тит. л. указан составитель: инж. Г.Г. Гудалин
702 1 _aГудалин
_bГ.Г.
_4220
712 0 1 _4570
_aСССР
_bКомитет по делам геологии
_3RU\NLR\AUTH\889917187
_9330545
801 0 _aRU
_bNLR
_gpsbo
801 1 _aRU
_bELAR
_2rusmarc
852 _aNLR
_j40-8/1785
942 _cBOOK
980 _aNB